Sears list of subject headings / (Record no. 133976)

MARC details
000 -LEADER
fixed length control field 00647nam a22002297a 4500
005 - DATE AND TIME OF LATEST TRANSACTION
control field 20170124110218.0
010 ## - LIBRARY OF CONGRESS CONTROL NUMBER
LC control number A-226969
020 B# - INTERNATIONAL STANDARD BOOK NUMBER
Terms of availability 00.00
International Standard Book Number 0824206762
035 ## - SYSTEM CONTROL NUMBER
System control number A-226969
037 ## - SOURCE OF ACQUISITION
Source of stock number/acquisition Cen Lib/Ret
040 ## - CATALOGING SOURCE
Original cataloging agency DPL
Language of cataloging EN
082 ## - DEWEY DECIMAL CLASSIFICATION NUMBER
Classification number 025.33
Item number SEA
245 ## - TITLE STATEMENT
Title Sears list of subject headings /
Statement of responsibility, etc edited by Barbara M. Westby
250 ## - EDITION STATEMENT
Edition statement 12th ed
260 ## - PUBLICATION, DISTRIBUTION, ETC. (IMPRINT)
Place of publication, distribution, etc New York
Name of publisher, distributor, etc The H.W. Wilson Company
Date of publication, distribution, etc 1982
270 ## - ADDRESS
City New York
300 ## - PHYSICAL DESCRIPTION
Extent 624p.
Dimensions 25cm(Hb)
650 ## - SUBJECT ADDED ENTRY--TOPICAL TERM
Topical term or geographic name as entry element Library science
9 (RLIN) 39426
650 ## - SUBJECT ADDED ENTRY--TOPICAL TERM
Topical term or geographic name as entry element Subjects headings
9 (RLIN) 39427
700 ## - ADDED ENTRY--PERSONAL NAME
Personal name Westby, Barbara M.
9 (RLIN) 50
942 ## - ADDED ENTRY ELEMENTS (KOHA)
Source of classification or shelving scheme Dewey Decimal Classification
Koha item type English Books
Classification part 025.33
Call number suffix SEA
Holdings
Withdrawn status Lost status Damaged status Not for loan Collection code Home library Current library Date acquired Source of acquisition Cost, normal purchase price Total Checkouts Full call number Barcode Date last seen Copy number Cost, replacement price Price effective from Koha item type
      Not For Loan Reference Central Library Central Library 28/07/2015 Cen Lib/Ret 0.00   025.33 SEA A-226969 28/07/2015 1 0.00 28/07/2015 English Books

© Delhi Public Library
Hit Counter
free hit counter